Mapping existing housing standards (Record no. 110782)

MARC details
000 -LEADER
fixed length control field 01033cad a22002295a 4500
001 - CONTROL NUMBER
control field E150189
008 - FIXED-LENGTH DATA ELEMENTS--GENERAL INFORMATION
fixed length control field 100611s2010 xxk f 000 0 eng d
035 ## - SYSTEM CONTROL NUMBER
System control number (Sirsi) u150189
041 0# - LANGUAGE CODE
Language code of text/sound track or separate title eng
110 2# - MAIN ENTRY--CORPORATE NAME
Corporate name or jurisdiction name as entry element Richards Partington Architects
9 (RLIN) 5858
245 00 - TITLE STATEMENT
Title Mapping existing housing standards
Medium [electronic resource]
260 ## - PUBLICATION, DISTRIBUTION, ETC.
Place of publication, distribution, etc. [S.l.]
Name of publisher, distributor, etc. CABE
Date of publication, distribution, etc. 2010
490 #0 - SERIES STATEMENT
Series statement Housing Standards Evidence and Research
520 ## - SUMMARY, ETC.
Summary, etc. Discusses existing standards that new homes in England must conform to, including the Code for Sustainable Homes, Lifetime Homes, Secure by Design, Building for Life and the Building Regulations Approved Documents. Examines the relationship between these standards.
521 ## - TARGET AUDIENCE NOTE
Target audience note Advanced
590 ## - LOCAL NOTE (RLIN)
Local note KA
651 #4 - SUBJECT ADDED ENTRY--GEOGRAPHIC NAME
Geographic name England
Chronological subdivision 886-
690 ## - LOCAL SUBJECT ADDED ENTRY--TOPICAL TERM (OCLC, RLIN)
Topical term or geographic name as entry element BUILT ENVIRONMENT-BUILDING STANDARDS
690 ## - LOCAL SUBJECT ADDED ENTRY--TOPICAL TERM (OCLC, RLIN)
Topical term or geographic name as entry element PROPERTY-RESIDENTIAL PROPERTY-DOMESTIC RESIDENTIAL PROPERTY-HOUSING
856 40 - ELECTRONIC LOCATION AND ACCESS
Uniform Resource Identifier <a href="https://www.cabe.org.uk/publications/housing-standards">https://www.cabe.org.uk/publications/housing-standards</a>
Public note View the report free of charge at www.cabe.org.uk
942 ## - ADDED ENTRY ELEMENTS (KOHA)
Suppress in OPAC 0
Holdings
Withdrawn status Lost status Source of classification or shelving scheme Damaged status Not for loan Home library Current library Shelving location Date acquired Total Checkouts Full call number Barcode Date last seen Copy number Price effective from Koha item type
    Dewey Decimal Classification     Virtual Virtual Online 11/06/2010   ONLINE PUBLICATION 150189-2001 06/08/2019 1 06/08/2019 Book